Bibliographic database on Asian livestock and animal agriculture R & D

Сохранить в:
Библиографические подробности
Формат:
Язык:Undetermined
Опубликовано: Addis Ababa, Ethiopia International Livestock Research Institute 1997
Предметы:
Метки: Добавить метку
Нет меток, Требуется 1-ая метка записи!
Thư viện lưu trữ: Trung tâm Học liệu Trường Đại học Cần Thơ
LEADER 00579nam a2200181Ia 4500
001 CTU_237951
008 210402s9999 xx 000 0 und d
082 |a 636 
082 |b B582 
245 0 |a Bibliographic database on Asian livestock and animal agriculture R & D 
245 0 |c Contributed by FAO and ILRI 
260 |a Addis Ababa, Ethiopia 
260 |b International Livestock Research Institute 
260 |c 1997 
650 |a Chăn nuôi,Livestock 
650 |x Nghiên cứu,Research 
910 |b nthai 
980 |a Trung tâm Học liệu Trường Đại học Cần Thơ